|
|
|
|
| LEADER |
00746nam a22002297a 4500 |
| 001 |
AAL8738 |
| 003 |
BD-DhAAL |
| 005 |
20160724112034.0 |
| 008 |
160724s 2013E ||||| |||| 00| 0 eng d |
| 020 |
|
|
|a 9781405910811
|
| 040 |
|
|
|a BD-DhAAL
|c BD-DhAAL
|
| 082 |
|
|
|a 813/.54
|
| 100 |
|
|
|a Gill, Anton
|9 20153
|
| 245 |
|
|
|a City of gold /
|c Anton Gill
|
| 260 |
|
|
|a London : .
|b Penguin Books,
|c 2013.
|
| 300 |
|
|
|a 485 p. ;
|c 22 cm.
|
| 541 |
|
|
|e 8738
|
| 650 |
|
|
|a Gold mines and mining
|x Fiction.
|9 20154
|
| 852 |
|
|
|a Savar Campus Library
|c General Shelf
|
| 942 |
|
|
|2 ddc
|c BK
|
| 999 |
|
|
|c 37719
|d 37719
|
| 952 |
|
|
|0 0
|1 3
|2 ddc
|4 0
|6 813_000000000000000__54_GIL
|7 0
|9 59425
|a SCL
|b SCL
|c GEN
|d 2016-07-24
|g 200.00
|l 0
|o 813.54 GIL
|p 3020008738
|r 2016-07-24
|t 1
|w 2016-07-24
|y BK
|